Statistics for Presidents of Argentina

Click here to take the quiz!

General Stats

  • This quiz has been taken 1,507 times
    (1,407 since last reset)
  • The average score is 28 of 50

Answer Stats

HintAnswer% Correct
1946-1955PJJuan Peron
96%
1973-1974PJJuan Peron
96%
1974-1976PJMaria Estela Martinez de Peron
96%
2003-2007PJ-FPVNestor Kirchner
96%
2007- 2015PJ-FPVCristina Fernandez de Kirchner
95%
2015-PresentPROMauricio Macri
95%
1989-1999PJCarlos Menem
88%
1976-1981MilitaryJorge Videla
81%
1999-2001UCRFernando de la Rua
79%
1983-1989UCRRaul Alfonsin
79%
1916-1922UCRHipolito Yrigoyen
70%
1928-1930UCRHipolito Yrigoyen
70%
1880-1886PANJulio Roca
69%
1898-1904PANJulio Roca
69%
1868-1874Liberal PartyDomingo Sarmiento
68%
2002-2003PJEduardo Duhalde
67%
1826-1827UnitarianBernardino Rivadavia
64%
1862-1868Liberal PartyBartolome Mitre
62%
1981-1982MilitaryLeopoldo Galtieri
58%
1963-1966UCR-PArturo illia
57%
1958-1962UCR-lArturo Frondizi
56%
1895-1898PANJose E Uriburu
56%
1930-1932MilitaryJose F. Uriburu
56%
1973PJHector Campora
54%
1854-1860FederalJusto Jose de Urquiza
53%
1966-1970MilitaryJuan Ongania
52%
1874-1880NationalNicolas Avellaneda
52%
2001PJAdolfo Rodriguez Saa
51%
1922-1928UCRMarcelo T de Alvear
49%
1955-1958MilitaryPedro Aramburu
48%
1901-1914PANRoque Saenz Pena
48%
1892-1895PANLuis Saenz Pena
47%
1981MilitaryRoberto Viola
43%
1971-1973MilitaryAlejandro Lanusse
41%
1982-1983MilitaryReynaldo Bignone
39%
1932-1938ConcordanciaAgustin Justo
37%
1890-1892PANCarlos Pellegrini
36%
1962-1963UCR-lJose Maria Guido
36%
1970-1971MilitaryRoberto Levingston
35%
1944-1946MilitaryEdelmiro Julian Farrell
34%
1886-1890PANMiguel Juarez Celman
32%
1938-1942ConcordanciaRoberto Ortiz
31%
1942-1943ConcordanciaRamon Castillo
30%
1955MilitaryEduardo Lonardi
29%
1914-1916PANVictorino de la Plaza
29%
1906-1910PanJose Figueroa Alcorta
28%
1943-1944MilitaryPedro Ramirez
28%
1860-1861FederalSantiago Derqui
28%
1943MilitaryArturo Rawson
27%
1904-1906PANManuel Quintana
27%

Score Distribution

Percentile by Number Answered

Percent of People with Each Score

Your Score History

You have not taken this quiz since the last reset